Countries by Continent - Statistics

General Stats
  • This quiz has been taken 4,439 times
    3,241 since last reset
  • The average score is 77 of 80
Answer Stats
Question Tile Select % Correct
Countries in North America Chad No
100%
Countries in North America Georgia No
100%
Countries in North America San Marino No
100%
Countries in North America France No
99%
Countries in North America Ivory Coast No
99%
Countries in North America Samoa No
99%
Countries in Oceania Angola No
98%
Countries in Oceania Belize No
98%
Countries in Africa Costa Rica No
98%
Countries in Africa Cyprus No
98%
Countries in Europe Egypt No
98%
Countries in Africa Guatemala No
98%
Countries in Asia Italy No
98%
Countries in Europe Jamaica No
98%
Countries in Europe Libya No
98%
Countries in Africa Nigeria Yes
98%
Countries in Asia Romania No
98%
Countries in Africa South Sudan Yes
98%
Countries in Asia Taiwan Yes
98%
Countries in North America United States Yes
98%
Countries in North America Venezuela No
98%
Countries in Africa Andorra No
97%
Countries in Europe Greece Yes
97%
Countries in Oceania Guinea No
97%
Countries in Asia Haiti No
97%
Countries in Europe Hungary Yes
97%
Countries in Asia Indonesia Yes
97%
Countries in Europe Ireland Yes
97%
Countries in Europe Italy Yes
97%
Countries in Asia Japan Yes
97%
Countries in Africa Madagascar Yes
97%
Countries in Africa Mali Yes
97%
Countries in Africa Malta No
97%
Countries in North America Mexico Yes
97%
Countries in Europe Morocco No
97%
Countries in Asia Nepal Yes
97%
Countries in Asia North Korea Yes
97%
Countries in Europe Norway Yes
97%
Countries in Europe Oman No
97%
Countries in Asia Singapore Yes
97%
Countries in Africa South Africa Yes
97%
Countries in Africa Spain No
97%
Countries in Europe Switzerland Yes
97%
Countries in Europe Vatican City Yes
97%
Countries in Asia Afghanistan Yes
96%
Countries in Europe Albania Yes
96%
Countries in Europe Belarus Yes
96%
Countries in Europe Bolivia No
96%
Countries in Africa Cape Verde Yes
96%
Countries in Africa Eswatini Yes
96%
Countries in Oceania Fiji Yes
96%
Countries in North America Guyana No
96%
Countries in Oceania Maldives No
96%
Countries in Africa Morocco Yes
96%
Countries in Asia Palau No
96%
Countries in Europe Serbia Yes
96%
Countries in Asia Sri Lanka Yes
96%
Countries in Oceania Tuvalu Yes
96%
Countries in Oceania Brunei No
95%
Countries in Asia Djibouti No
95%
Countries in Oceania Marshall Islands Yes
95%
Countries in Oceania Nauru Yes
95%
Countries in Oceania New Zealand Yes
95%
Countries in Oceania Vanuatu Yes
95%
Countries in North America Canada Yes
94%
Countries in Oceania Samoa Yes
94%
Countries in Oceania Australia Yes
93%
Countries in Africa Benin Yes
93%
Countries in North America Cuba Yes
93%
Countries in Oceania Kiribati Yes
93%
Countries in Asia Yemen Yes
93%
Countries in North America Panama Yes
92%
Countries in Oceania Papua New Guinea Yes
91%
Countries in Africa Seychelles Yes
91%
Countries in Asia Georgia Yes
90%
Countries in North America Trinidad and Tobago Yes
90%
Countries in North America Saint Lucia Yes
88%
Countries in Oceania Togo No
88%
Countries in Asia Armenia Yes
86%
Countries in North America Belize Yes
86%
No matching quizzes found
Score Distribution
Percent of People with Each Score
Percentile by Number Answered
Your Score History
You have not taken this quiz since the last reset